000 00341 a2200109 4500
001 93019
082 _aPR 2373
090 _c44656
_d44657
100 _aHamid Mahmood,Prof Dr Ahmad (Advisor)
245 _aArtificial Neural Network Based Sensitivity Analysis of Small Signals Parameters of GaAs MESFET
_nxv,145p.
500 _aBE Project Report
942 _aCAE NUST
_kPR 2373
999 _c328092
_d328092